Catálogo
 En Linea

Claves del desarrollo a largo plazo de la economía española / (Registro nro. 42889)

Detalles MARC
000 -CABECERA
campo de control de longitud fija 00812nam a2200205 a 4500
001 - NÚMERO DE CONTROL
campo de control 000043400
005 - FECHA Y HORA DE LA ÚLTIMA TRANSACCIÓN
campo de control 20201002040859.0
008 - DATOS DE LONGITUD FIJA--INFORMACIÓN GENERAL
campo de control de longitud fija 140313s2007 sp abd 000 0 spa d
020 ## - NÚMERO INTERNACIONAL ESTÁNDAR DEL LIBRO
Número Internacional Estándar del Libro 9788496515482
040 ## - FUENTE DE LA CATALOGACIÓN
Centro catalogador/agencia de origen DO-SdBNP
Lengua de catalogación spa
Centro/agencia transcriptor BNPHU
100 1# - ENTRADA PRINCIPAL--NOMBRE DE PERSONA
Nombre de persona Pérez García, Francisco.
9 (RLIN) 51037
245 10 - MENCIÓN DE TÍTULO
Título Claves del desarrollo a largo plazo de la economía española /
Mención de responsabilidad, etc. Francisco Pérez García.
260 ## - PUBLICACIÓN, DISTRIBUCIÓN, ETC.
Lugar de publicación, distribución, etc. Bilbao :
Nombre del editor, distribuidor, etc. Fundación BBVA,
Fecha de publicación, distribución, etc. 2007.
300 ## - DESCRIPCIÓN FÍSICA
Extensión 223 p. :
Otras características físicas il., gráf., mapas.
490 1# - MENCIÓN DE SERIE
Mención de serie Conferencias magistrales,
500 ## - NOTA GENERAL
Nota general Esta obra recoge uno de los ciclos de Conferencias Magistrales que, organizado por la Fundación BBVA, impartió el profesor Francisco Pérez.
504 ## - NOTA DE BIBLIOGRAFÍA, ETC.
Nota de bibliografía, etc. Bibliografía : (p. 217-222)
710 2# - PUNTO DE ACCESO ADICIONAL--NOMBRE DE ENTIDAD CORPORATIVA
Nombre de entidad corporativa o nombre de jurisdicción como elemento de entrada Fundación BBVA
9 (RLIN) 56899
830 #0 - PUNTO DE ACCESO ADICIONAL DE SERIE-TÍTULO UNIFORME
Título uniforme Conferencias magistrales
9 (RLIN) 71060
Existencias
Estado de retiro Estado de pérdida Restricciones de uso No para préstamo Código de colección Localización permanente Ubicación/localización actual Ubicación en estantería Fecha de adquisición Número de inventario Total de préstamos Signatura topográfica completa Código de barras Fecha visto por última vez Precio válido a partir de Tipo de ítem Koha
      Excluido de préstamo Monografías: Libros y Folletos General General En catalogación 13.03.2014 LF1   43400-10 25.06.2020 25.06.2020 No se presta

Con tecnología Koha